| 000 | 00358nam a2200145Ia 4500 | ||
|---|---|---|---|
| 008 | 230312s9999||||xx |||||||||||||| ||und|| | ||
| 020 | _a0-13-088984-9 | ||
| 082 |
_a658.812 _bSWI-A |
||
| 100 | _aGreenberg;Eric | ||
| 245 | 0 | _aMission Critical Security Planner | |
| 260 |
_bPH PTR _aUSA _c2001 |
||
| 300 | _a476 | ||
| 650 |
_aComputer _vComputer |
||
| 942 | _cBK | ||
| 999 |
_c15488 _d15488 |
||